1492 1144 1685 1168 1175 1329 1820 1222 1730 1801 1474 1766 1762 1598 1854 1511 1084 1152 1660 1082 1002 1399 1638 1568 1256 1583 1876 1554 1727 1265 1069 1925 1433 1925 1398 1928 1419 1223 1949 1424 1161 1936 1354 1675 1641 1661 1718 1865 1664 1243 1796 1462 1498 1270 1478 1651 1700 1676 1075 1135 1292 1426 1383 1159 1078 1108 1573 1087 1257 1517 1051 1374 1754 1807 1401 1545 1740 1702 1260 1169 1263 1213 1849 1908 1659 1840 1593 1462 1263 1176 1211 1357 1693 1073 1921 1292 1520 1021 1806 BCNSPRNW ULIB Ver.6.0+V

เปลี่ยนเป็นภาษาไทย

Change to English
 แสดงรายละเอียดบรรณานุกรม
  กลับหน้าหลัก

Brief Record : Get Marc (ISO 2709) : E-mail record : QR code < ปิดหน้าต่าง
LEADER : 00000nam 2200000uu 4500
001    13399128434
003     ULIB
008    230828s2022||||th 000 0 tha d
020    ^a9786164436626
060  4 ^aWR152^bK95C
100 0  ^aKUMUTNART CHANPRAPAPH.
245 00 ^aCutaneous lupus erythematosus /^cKUMUTNART CHANPRAPAPH.
260    ^aBangkok :^bDivision of Dermatology,Department of Internal Medicine, Faculty of Medicine Ramathibodi Hospital, Machidol University,^c2022.
300    ^axvii, 512 pages :^bcolor illustrations
504    ^aIncludes bibliographical references and index.
650  0 ^aLupus erythematosus.
650  2 ^aLupus Erythematosus, Cutaneous^xpathology.
650  2 ^aLupus Erythematosus, Cutaneous^xtherapy.
945    ^p1200^l0^i010192
999    ^aประนอม เกษจรัล
รายการนี้ยังไม่มีแท็ก
คุณยังไม่ได้ล็อกอิน คุณสามารถมีกิจกรรมร่วมกับเว็บไซต์ได้ แต่ต้องล็อกอินก่อน ::
  ล็อกอิน

รายการสื่อสารสนเทศ

ลำดับที่ ประเภท เลขเรียก/บาร์โค้ด สถานที่ สถานะ
1. วิทยาศาสตร์การแพทย์ และสุขภาพ
หนังสือสำรอง
สถานะ=หนังสือสำรอง
WR152 K95C ฉ.1 
  Barcode: 010192
ห้องสมุดวิทยาเขตสวรรค์ประชารักษ์
►หนังสือทั่วไป
บนชั้น

BibComment


ยังไม่เคยถูกคอมเมนท์

คอมเมนท์ทรัพยากรรายการนี้
  คอมเมนท์: Cutaneous lupus ..


 Copyright 2026. Bcnsprnw @Library